Statistical decision theory and Bayesion analysis

Salvato in:
Dettagli Bibliografici
Autore principale: Berger, James O. (Autore)
Natura: Libro
Lingua:inglese
Pubblicazione: New York : Springer Verlag, 1985
Edizione:2.ed.
Tags: Aggiungi Tag
Nessun Tag, puoi essere il primo ad aggiungerne!!

MARC

LEADER 00000nam a22000003a 4500
001 stu86656
005 20150617225630.6
008 040504s1985------------------------eng-d
040 |a STU  |b slo 
041 0 |a eng 
080 |a 519.226 
100 1 |a Berger, James O.  |4 aut 
245 1 |a Statistical decision theory and Bayesion analysis 
250 |a 2.ed. 
260 |a New York :  |b Springer Verlag,  |c 1985 
300 |a 16, 617 s 
996 |b E59873  |c E*59873  |l EE03  |s P  |a 0  |w stu86656_0001